Οι μεγάλοι ζωγράφοι : τα αριστουργήματα της τέχνης

Αποθηκεύτηκε σε:
Λεπτομέρειες βιβλιογραφικής εγγραφής
Κύριος συγγραφέας: Αμπατζοπούλου, Φραγκίσκη, 1944-
Άλλοι συγγραφείς: Χατζηδάκη, Ρένα (Επιμελητής έκδοσης)
Μορφή: Βιβλίο
Γλώσσα:Greek
Δημοσίευση: Milano; Αθήνα : Fabbri; Μέλισσα, [χ.χ.]
Έκδοση:2η εκδ.
Σειρά:Καλλιτεχνική βιβλιοθήκη
Θέματα:
Ετικέτες: Προσθήκη ετικέτας
Δεν υπάρχουν, Καταχωρήστε ετικέτα πρώτοι!

MARC

LEADER 00000nam a2200000 i 4500
001 1/21763
008 961003q19801992 gre d
035 |a 1992  |b 3  |c Καμπουροπούλου  |l 10036387 
040 |a GR-MY-UA  |b gre  |e aacr 
041 0 |a gre 
082 0 |a Π 759 
100 1 |a Αμπατζοπούλου, Φραγκίσκη,   |d 1944- 
245 1 3 |a Οι μεγάλοι ζωγράφοι :  |b τα αριστουργήματα της τέχνης /  |c συνεργάστηκαν Αμπατζοπούλου Φ. ... [κ.ά.] ; επιμέλεια ελληνικής έκδοσης Ρένα Χατζηδάκη 
250 |a 2η εκδ. 
260 |a Milano; Αθήνα :   |b Fabbri; Μέλισσα,   |c [χ.χ.] 
300 |a 5 τ.  |b έγχρ.εικ. 
490 1 |a Καλλιτεχνική βιβλιοθήκη 
505 0 |a τ.1 Από τον Τζιότο στην Αναγέννηση. - τ.2 Από την Αναγέννηση στον Γκρέκο. - τ.3 Από τον 17ο αιώνα στον 19ο. - τ.4 Από τον 19ο αιώνα στον 20ο. - τ.5 Εικοστός Αιώνας 
650 0 0 |a Painters. 
650 0 0 |a Painting. 
650 0 0 |a Painting, Renaissance. 
650 0 0 |a Painting, Modern. 
700 1 |a Χατζηδάκη, Ρένα.  |4 edt 
830 0 |a Καλλιτεχνική βιβλιοθήκη 
852 |a INST  |b RHODES  |e 19961003  |h 759 ΑΜΠ  |p 005400005990  |q 005400005990  |t REF  |y 23  |z τ.3 
852 |a INST  |b RHODES  |e 19961003  |h 759 ΑΜΠ  |p 005400005991  |q 005400005991  |t REF  |y 23  |z τ.1 
852 |a INST  |b RHODES  |e 19961003  |h 759 ΑΜΠ  |p 005400005992  |q 005400005992  |t REF  |y 23  |z τ.2 
852 |a INST  |b RHODES  |e 19961003  |h 759 ΑΜΠ  |p 005400005993  |q 005400005993  |t REF  |y 23  |z τ.5 
852 |a INST  |b RHODES  |e 19961003  |h 759 ΑΜΠ  |p 005400006315  |q 005400006315  |t REF  |y 23  |z τ.4 
852 |a INST  |b RHODES  |e 19961003  |h 759 ΑΜΠ  |p 005400005990  |q 005400005990  |t REF  |v τ.3:  |y 23  |z τ.3 
852 |a INST  |b RHODES  |e 19961003  |h 759 ΑΜΠ  |p 005400005991  |q 005400005991  |t REF  |v τ.1:  |y 23  |z τ.1 
852 |a INST  |b RHODES  |e 19961003  |h 759 ΑΜΠ  |p 005400005992  |q 005400005992  |t REF  |v τ.2:  |y 23  |z τ.2 
852 |a INST  |b RHODES  |e 19961003  |h 759 ΑΜΠ  |p 005400005993  |q 005400005993  |t REF  |v τ.5:  |y 23  |z τ.5 
852 |a INST  |b RHODES  |e 19961003  |h 759 ΑΜΠ  |p 005400006315  |q 005400006315  |t REF  |v τ.4:  |y 23  |z τ.4 
853 |a INST  |b RHODES  |h 759 ΑΜΠ 
909 |a Ρ  |b 024991  |c 1992 
909 |a Ρ  |b 024992  |c 1992 
909 |a Ρ  |b 024993  |c 1992 
909 |a Ρ  |b 024994  |c 1992 
909 |a Ρ  |b 024995  |c 1992